000 00707nam a2200289Ia 4500
005 20260324124554.0
008 008 260324s9999 xx 000 0 eng d
020 _a9781315140391
037 _aEBOOK
040 _aCRL
040 _beng
040 _cCRL
041 _2eng
041 _aeng
084 _qCRL
100 _aStefan Ritter; Anders Molander
_91174669
245 0 _aCorrosion Monitoring in Nuclear Systems EFC 56
245 0 _bResearch and Applications
260 _bTaylor and Francis
260 _c2010
365 _a
365 _b465
856 _uhttp://www.taylorfrancis.com/books/9781315140391
942 _cEBOOK
999 _c1769161
_d1769161